Tipy na výlet

Podrobná bibliografia
Hlavní autori: Bocánová, Martina (Author), Slobodová Nováková, Katarína (Author), Priečko, Martin (Author)
Ďalší autori: Lacika, Ján (Photographer), Kollárová, Zuzana (Photographer)
Médium: Článok
Jazyk:Slovak
Témy:
On-line prístup:http://www.krasy-slovenska.eu/articles/view/2190/Stredn%C3%A9%20Kysuce
Zdroj: 1. Krásy Slovenska 1. Roč. 95, č. 9-10 (2018), s. 20-22 1. 0323-0643
LEADER 01399nab#a2200469#ar4500
001 000124614
003 SVKKK
005 20181205100047.0
008 13082622018 xo |||||||||||||||b|slo
FMT
015 |a SNBRB2018/12 
038 |a SVKKK 
040 |a SVKKK  |b slo  |e AACR2 
041 0 |a slo 
044 |a xo  |c SK 
080 |a 796.5  |x (437.6)  |2 2011 
080 |a 904  |x (437.6)  |a 2011 
100 1 |a Bocánová, Martina  |4 aut 
245 1 0 |a Tipy na výlet  |c Martina Bocánová, Martin Priečko, Katarína Slobodová Nováková ; Ján Lacika, Zuzana Kollárová 
300 |b Fotogr. 
650 0 4 |a turistika 
650 0 4 |a výlety 
650 0 4 |a skanzeny 
650 0 4 |a múzeá 
650 0 4 |a vidiecká architektúra 
650 0 4 |a kultúrne pamiatky 
610 2 4 |a Kysucké múzeum (Krásno nad Kysucou, Slovensko) 
651 4 |a Skanzen vo Vychylovke (Slovensko) 
651 4 |a Kalvária (Oščadnica, Slovensko) 
651 4 |a Stredné Kysuce (Slovensko) 
700 1 |a Slobodová Nováková, Katarína  |4 aut 
700 1 |a Priečko, Martin  |4 aut 
700 1 |a Lacika, Ján  |4 pht 
700 1 |a Kollárová, Zuzana  |4 pht 
773 0 |t Krásy Slovenska  |g Roč. 95, č. 9-10 (2018), s. 20-22  |x 0323-0643 
974 |a MI 
992 |a RBX 
BAS
852 |a SVKKK  |b BIB 
856 4 1 |u http://www.krasy-slovenska.eu/articles/view/2190/Stredn%C3%A9%20Kysuce 
EXP
998 |a SLO